Statistiques concernant Règne d'Henri IV

Cliquez ici pour prendre le quiz!

Statistiques générales

  • Ce quiz a été pris 67 fois
  • Le résultat moyen est 13 sur 22

Statistiques - réponses

QuestionRéponse% Correct
Accord de tolérance envers ces derniers, qu'il promulgua en 1598Édit de {Nantes}
100%
Il était le premier roi de cette dynastieBourbon
94%
Leur mariage a été une des causes de ce massacre religieux survenu en 1572Sainte-{Barthélémy}
92%
Sa seconde épouse royale et mère de son fils, futur Louis XIIIMarie de {Médicis}
89%
Nom de son assassinFrançois Ravaillac
83%
Sa première épouse, dont les fiançailles furent annulées{Marguerite} de Valois
80%
Province espagnole dont il était également roiNavarre
78%
Citation attribuée à Henri IV: Paris vaut bien une _____Messe
72%
Sa ville natale dans le BéarnPau
69%
Son surnom, en référence à sa réputation de coureur de juponsLe {Vert}-{Galant}
63%
Plat dont il voulait que tout travailleur du royaume aient les moyens de s'offrirPoule-au-pot
61%
Surnom des protestants calvinistes, principales cibles de ce massacreHuguenots
59%
Sa statue équestre se situe sur ce pont parisienPont Neuf
59%
Sa maîtresse qui le convainc à la reconversion au catholicisme{Gabrielle} d'Estrées
53%
Bouquet de plumes qu'il portait sur son casque lors de la bataille d'Ivry (1590)Panache
42%
Ville de son sacre en 1594Chartres
41%
Ancien palais parisien qu'il relia au Louvre par la "Grande Galerie"Palais des Tuileries
41%
Son principal ministre et surintendant des financesDuc de {Sully}
39%
Selon la légende, ce vin blanc du sud-ouest aurait été servi lors de son baptêmeJurançon
28%
Fils légitimé qu'il eut avec cette dernière, qui devint plus tard Grand amiral de FranceDuc de {Vendôme}
8%
Sa devise royale: L'un ______ l'autreProtège
8%
Traité qui mit fin au conflit franco-espagnolPaix de {Vervins}
6%

Distribution des résultats

Percentile par nombre de réponses

% des personnes avec chaque résultat

Votre développement - résultats

Vous n’avez pas pris ce quiz